Quy trình nhân giống cây bằng lăng nhiều hoa (Lagerstroemia floribunda Jack) bằng nhiều kỹ thuật nuôi cấy mô : Báo cáo tổng kết đề tài Khoa học và Công nghệ cấp trường

Xâu dựng "qui trình nhân giống cây Bằng Lăng nhiều hoa bằng phương pháp nuôi cấy mô" ứng dụng vào sản xuất trong lĩnh vực cải tạo về mặt cảnh quan đô thị.

Đã lưu trong:
书目详细资料
主要作者: Mai, Văn Trầm
格式: 图书
语言:Undetermined
出版: Cần Thơ Trường Đại học Cần Thơ 2014
主题:
标签: 添加标签
没有标签, 成为第一个标记此记录!
Thư viện lưu trữ: Trung tâm Học liệu Trường Đại học Cần Thơ
LEADER 01176nam a2200217Ia 4500
001 CTU_198360
008 210402s9999 xx 000 0 und d
082 |a 631.53 
082 |b Tr120 
088 |a T2013-41 
100 |a Mai, Văn Trầm 
245 0 |a Quy trình nhân giống cây bằng lăng nhiều hoa (Lagerstroemia floribunda Jack) bằng nhiều kỹ thuật nuôi cấy mô : 
245 0 |b Báo cáo tổng kết đề tài Khoa học và Công nghệ cấp trường 
245 0 |c Mai Văn Trầm (Chủ nhiệm đề tài) ; Nguyễn Văn Ây, Đỗ Tấn Khang (Người tham gia) 
260 |a Cần Thơ 
260 |b Trường Đại học Cần Thơ 
260 |c 2014 
520 |a Xâu dựng "qui trình nhân giống cây Bằng Lăng nhiều hoa bằng phương pháp nuôi cấy mô" ứng dụng vào sản xuất trong lĩnh vực cải tạo về mặt cảnh quan đô thị. 
650 |a Plant tissue culture,Nuôi cấy mô thực vật 
904 |i Hiền, hải 
980 |a Trung tâm Học liệu Trường Đại học Cần Thơ